[Event "NAYCC U12 w"]
[Site "Toronto CAN"]
[Date "2013.08.16"]
[Round "4"]
[White "Kaneshalingam, Mathanhe"]
[Black "Xu, Allyson"]
[Result "1-0"]
[WhiteElo "1515"]
[BlackElo "967"]
[PlyCount "83"]
[GameId "2160767909275720"]
[EventDate "2013.08.14"]
[EventType "swiss"]
[EventRounds "9"]
[EventCountry "CAN"]
[SourceTitle "hb 2013"]

1. d4 d5 2. Nf3 Nf6 3. e3 g6 4. c4 e6 5. Nc3 Bg7 6. Be2 O-O 7. O-O Nbd7 8. Qb3 c6 9. cxd5 exd5 10. h3 Nb6 11. Bd2 Ne4 12. Nxe4 dxe4 13. Nh2 Be6 14. Qc2 f5 15. Ba5 Qd6 16. a3 f4 17. Bb4 Qc7 18. Bxf8 Rxf8 19. f3 fxe3 20. Qxe4 Bf5 21. Qxe3 Qg3 22. Kh1 Nd5 23. Bc4 Kh8 24. Bxd5 cxd5 25. Rac1 a5 26. Rc5 Bf6 27. Rxa5 Bd8 28. Ra8 Kg7 29. Qe5+ Qxe5 30. dxe5 Kf7 31. Ng4 Ke7 32. Re1 Kd7 33. Rd1 Kc6 34. Nf6 g5 35. Rc1+ Kb5 36. Nxd5 Ba5 37. Rxf8 Bg6 38. Nc3+ Kb6 39. Rf6+ Ka7 40. Nb5+ Kb8 41. Rf8+ Bd8 42. Rxd8# 1-0

[Event "NAYCC U12 w"]
[Site "Toronto CAN"]
[Date "2013.08.16"]
[Round "4"]
[White "Liu, Jiaxin (Dora)"]
[Black "Roque, Andrea"]
[Result "1/2-1/2"]
[WhiteElo "1693"]
[BlackElo "1560"]
[PlyCount "73"]
[GameId "2160767909275721"]
[EventDate "2013.08.14"]
[EventType "swiss"]
[EventRounds "9"]
[EventCountry "CAN"]
[SourceTitle "hb 2013"]

1. d4 Nf6 2. Nf3 g6 3. e3 Bg7 4. Bd3 O-O 5. b3 c5 6. Bb2 Nc6 7. O-O d5 8. h3 Nb4 9. Ne5 Nd7 10. Nxd7 Bxd7 11. a3 Nxd3 12. Qxd3 cxd4 13. exd4 Bf5 14. Qd2 Rc8 15. Rc1 Qb6 16. Ra2 Rc6 17. Nc3 Qxd4 18. Qxd4 Bxd4 19. Nxd5 Bc5 20. c4 Be6 21. Rd1 Bxd5 22. Rxd5 Bd6 23. Be5 Rd8 24. Rad2 f6 25. Bg3 b6 26. b4 Rxc4 27. Bxd6 exd6 28. Rxd6 Rf8 29. Rd7 a5 30. bxa5 bxa5 31. Ra7 a4 32. Rdd7 Rh4 33. Kh2 Rb8 34. g3 Rc4 35. Rxh7 Rb2 36. Rhg7+ Kh8 37. Rh7+ 1/2-1/2

[Event "NAYCC U12 w"]
[Site "Toronto CAN"]
[Date "2013.08.16"]
[Round "4"]
[White "Nguyen, An"]
[Black "Yu, Jennifer"]
[Result "1/2-1/2"]
[WhiteElo "1654"]
[BlackElo "1993"]
[PlyCount "97"]
[GameId "2160767909275722"]
[EventDate "2013.08.14"]
[EventType "swiss"]
[EventRounds "9"]
[EventCountry "CAN"]
[SourceTitle "hb 2013"]

1. e4 e5 2. Nf3 d6 3. d4 exd4 4. Nxd4 Nf6 5. Nc3 Nc6 6. Bb5 Bd7 7. Bg5 Be7 8. Bxf6 Bxf6 9. Nxc6 bxc6 10. Bc4 Rb8 11. Bb3 O-O 12. O-O Re8 13. Re1 c5 14. Rb1 Bxc3 15. bxc3 Be6 16. Bxe6 fxe6 17. Rb3 Rf8 18. Qd2 c6 19. c4 Rxb3 20. cxb3 e5 21. Rd1 Qf6 22. f3 Rd8 23. Qa5 Qe7 24. Qd2 Qf6 25. a3 Qf4 26. Qxf4 exf4 27. h4 Kf7 28. Kh2 Ke6 29. Kh3 h5 30. g4 fxg3 31. Kxg3 Ke5 32. Rd2 a5 33. Rd1 Rd7 34. Rd2 Rf7 35. Rd1 Rd7 36. Rd2 Rb7 37. Rd3 a4 38. bxa4 Ra7 39. f4+ Kxe4 40. Rxd6 Rxa4 41. Rxc6 Rxa3+ 42. Kg2 Kd4 43. Rc7 Ra2+ 44. Kg3 Ra1 45. Kg2 Ra4 46. Kg3 Ra3+ 47. Kg2 Ra2+ 48. Kg3 Ra1 49. Kg2 1/2-1/2

[Event "NAYCC U12 w"]
[Site "Toronto CAN"]
[Date "2013.08.16"]
[Round "4"]
[White "Palakollu, Samritha"]
[Black "Wang, Constance"]
[Result "1/2-1/2"]
[WhiteElo "1761"]
[BlackElo "1651"]
[PlyCount "136"]
[GameId "2160767909275724"]
[EventDate "2013.08.14"]
[EventType "swiss"]
[EventRounds "9"]
[EventCountry "CAN"]
[SourceTitle "hb 2013"]

1. e4 c5 2. Nf3 d6 3. d4 cxd4 4. Nxd4 Nf6 5. Nc3 a6 6. Be2 e5 7. Nb3 Be7 8. O-O O-O 9. Bg5 Nbd7 10. f3 b5 11. a3 Bb7 12. Kh1 Qc7 13. Qe1 Nc5 14. Nxc5 dxc5 15. Qg3 Nh5 16. Qh4 Bxg5 17. Qxg5 Nf4 18. Rae1 Rad8 19. g3 Ne6 20. Qc1 Rd4 21. Bxb5 axb5 22. Nxb5 Qb6 23. Nxd4 Nxd4 24. b4 Ba6 25. Rf2 Rc8 26. Qb2 cxb4 27. axb4 Nb5 28. Rd2 Nd4 29. Kg2 Qf6 30. Rf2 Qc6 31. Rc1 Qc3 32. Qxc3 Rxc3 33. Ra1 Bb7 34. Ra7 Bc6 35. Rd2 g6 36. Rc7 Nxf3 37. Rxc6 Ne1+ 38. Kf1 Rxc6 39. Kxe1 Rc4 40. b5 Rxe4+ 41. Re2 Rc4 42. Kd1 f6 43. Rd2 Rb4 44. Rd6 Kf7 45. b6 Ke7 46. Rc6 f5 47. c3 Rb5 48. c4 Rb4 49. c5 Rb5 50. Kd2 f4 51. gxf4 exf4 52. Kd3 g5 53. Kc4 Rb2 54. Rc7+ Ke6 55. Rxh7 f3 56. Kc3 Rb5 57. Kd3 Rxc5 58. Ke3 g4 59. Rh4 Rb5 60. Rxg4 Kf5 61. Rf4+ Kg6 62. Kxf3 Rxb6 63. Kg4 Rf6 64. Re4 Kh6 65. Re5 Rg6+ 66. Kh4 Rb6 67. Rh5+ Kg6 68. Rg5+ Kh6 1/2-1/2

[Event "NAYCC U12 w"]
[Site "Toronto CAN"]
[Date "2013.08.16"]
[Round "4"]
[White "Saremi, Yekta"]
[Black "Escamilla Romero, Quetzija"]
[Result "1-0"]
[WhiteElo "1415"]
[BlackElo "1151"]
[PlyCount "157"]
[GameId "2160767909275725"]
[EventDate "2013.08.14"]
[EventType "swiss"]
[EventRounds "9"]
[EventCountry "CAN"]
[SourceTitle "EXT 2022"]
[Source "ChessBase"]
[SourceDate "2021.10.06"]
[SourceVersion "1"]
[SourceVersionDate "2021.10.06"]
[SourceQuality "1"]

1. e4 c5 2. Nf3 Nc6 3. Bd3 g6 4. c3 Bg7 5. Bc2 Nf6 6. d4 cxd4 7. cxd4 O-O 8. O-O d5 9. e5 Nd7 10. Nc3 Nb6 11. Re1 Bg4 12. Be3 Nc4 13. b3 Nxe3 14. fxe3 Rc8 15. Ne2 Bxf3 16. gxf3 Nb4 17. Bd3 f6 18. exf6 Rxf6 19. Rf1 Rfc6 20. Rc1 Rxc1 21. Nxc1 Qc7 22. Qd2 Nxd3 23. Qxd3 a6 24. Ne2 Qc2 25. Nf4 Qxd3 26. Nxd3 Rc3 27. Rd1 Rc2 28. Nb4 Re2 29. Nxd5 e5 30. dxe5 Bxe5 31. f4 Bb8 32. a4 Ba7 33. Rd3 Kf7 34. h3 Ke6 35. Kf1 Rc2 36. e4 Rf2+ 37. Ke1 Rc2 38. Rc3 Rxc3 39. Nxc3 Be3 40. Nd5 Bd4 41. Ke2 b5 42. axb5 axb5 43. Nc7+ Kd6 44. Nxb5+ Kc5 45. Nxd4 Kxd4 46. e5 Kd5 47. b4 Kc6 48. Ke3 h5 49. Ke4 h4 50. b5+ Kd7 51. Kd5 Kd8 52. Kd6 Kc8 53. e6 Kd8 54. e7+ Ke8 55. b6 g5 56. fxg5 Kf7 57. Kd7 Kg6 58. e8=Q+ Kxg5 59. Qe6 Kf4 60. Qd5 Ke3 61. Qc4 Kf3 62. Qd4 Kg3 63. Qe4 Kxh3 64. Qxh4+ Kxh4 65. b7 Kg4 66. b8=Q Kf5 67. Qe8 Kf4 68. Qe6 Kf3 69. Qe5 Kf2 70. Qe4 Kg1 71. Qe3+ Kg2 72. Qf4 Kg1 73. Qf3 Kh2 74. Qg4 Kh1 75. Ke6 Kh2 76. Kf5 Kh1 77. Kf4 Kh2 78. Kf3 Kh1 79. Qg2# 1-0

[Event "NAYCC U12 w"]
[Site "Toronto CAN"]
[Date "2013.08.16"]
[Round "4"]
[White "Sengupta, Sikata"]
[Black "Kao, Camille"]
[Result "1/2-1/2"]
[WhiteElo "1513"]
[BlackElo "1747"]
[PlyCount "150"]
[GameId "2160767909275727"]
[EventDate "2013.08.14"]
[EventType "swiss"]
[EventRounds "9"]
[EventCountry "CAN"]
[SourceTitle "EXT 2022"]
[Source "ChessBase"]
[SourceDate "2021.10.06"]
[SourceVersion "1"]
[SourceVersionDate "2021.10.06"]
[SourceQuality "1"]

1. d4 d5 2. Nf3 Nf6 3. g3 Bf5 4. Bg2 e6 5. c4 dxc4 6. Qa4+ c6 7. Qxc4 Be7 8. O-O O-O 9. Qb3 b6 10. Nc3 Nbd7 11. Nh4 Rc8 12. Nxf5 exf5 13. Qa4 Qc7 14. Re1 b5 15. Qc2 g6 16. Bh6 Rfe8 17. Rac1 Qb6 18. Red1 Bf8 19. Bxf8 Kxf8 20. h3 a5 21. e3 Kg7 22. Qd2 Ne4 23. Qd3 Ndf6 24. Ne2 c5 25. dxc5 Rxc5 26. Rxc5 Qxc5 27. Nd4 b4 28. Qb5 Qxb5 29. Nxb5 Rc8 30. Nd4 a4 31. Bf1 a3 32. bxa3 bxa3 33. Bd3 Rb8 34. Rb1 Rxb1+ 35. Bxb1 Nc3 36. Bc2 Nxa2 37. Nb5 Nb4 38. Nxa3 Nxc2 39. Nxc2 Ne4 40. Kg2 Kf6 41. Nd4 h6 42. h4 Ke5 43. Kf3 f6 44. Nc6+ Kd6 45. Nd8 h5 46. Nb7+ Ke5 47. Na5 g5 48. Nc4+ Ke6 49. Nb2 Nc3 50. Nd3 Nd5 51. Kg2 Kd6 52. Ne1 Nc3 53. Nf3 Ne4 54. Nd4 gxh4 55. Nxf5+ Ke5 56. Nxh4 f5 57. Ng6+ Kf6 58. Nf4 Kg5 59. Nh3+ Kf6 60. f4 Kg6 61. Nf2 Nd2 62. Nd3 Ne4 63. Ne5+ Kf6 64. Kh3 Kg7 65. Kh4 Kh6 66. Nf3 Nf2 67. Nd4 Kg6 68. Nc2 Ng4 69. Kh3 Nf2+ 70. Kg2 Ne4 71. Nd4 Nd2 72. Nf3 Ne4 73. Ne5+ Kf6 74. Kh3 Kg7 75. Kh4 Kh6 1/2-1/2

[Event "NAYCC U12 w"]
[Site "Toronto CAN"]
[Date "2013.08.16"]
[Round "4"]
[White "Shen, Celina"]
[Black "Li, Catherine"]
[Result "0-1"]
[WhiteElo "527"]
[BlackElo "1143"]
[PlyCount "77"]
[GameId "2160767909275728"]
[EventDate "2013.08.14"]
[EventType "swiss"]
[EventRounds "9"]
[EventCountry "CAN"]
[SourceTitle "hb 2013"]

1. e4 c5 2. Nc3 d6 3. Nf3 Nf6 4. Bc4 g6 5. d4 cxd4 6. Qxd4 Nc6 7. Qd3 Bg7 8. Be3 Ng4 9. O-O Nxe3 10. Qxe3 a6 11. a4 Nb4 12. Rac1 O-O 13. Rfd1 Qc7 14. Be2 Bd7 15. b3 Qxc3 16. Qf4 b5 17. Bd3 bxa4 18. bxa4 Bxa4 19. Qh4 Nxd3 20. cxd3 Qf6 21. Ng5 h6 22. Rf1 Qxg5 23. Qh3 Bb5 24. Rcd1 a5 25. Rfe1 Rfd8 26. Rc1 Bd7 27. Qf3 a4 28. Red1 Bg4 29. Qg3 Bxd1 30. Qxg5 hxg5 31. Rxd1 a3 32. h3 a2 33. Rf1 Bd4 34. g3 a1=Q 35. Rxa1 Rxa1+ 36. Kg2 d5 37. h4 gxh4 38. gxh4 dxe4 39. dxe4 0-1

[Event "NAYCC U12 w"]
[Site "Toronto CAN"]
[Date "2013.08.16"]
[Round "4"]
[White "Tam, Rachel"]
[Black "Paraparan, Varshini"]
[Result "0-1"]
[WhiteElo "1005"]
[BlackElo "1506"]
[PlyCount "136"]
[GameId "2160767909275729"]
[EventDate "2013.08.14"]
[EventType "swiss"]
[EventRounds "9"]
[EventCountry "CAN"]
[SourceTitle "hb 2013"]

1. e4 d6 2. Nc3 Nf6 3. Nf3 g6 4. d4 Bg7 5. Bb5+ c6 6. Be2 O-O 7. O-O Nbd7 8. Bf4 Nh5 9. Qd2 Nxf4 10. Qxf4 Qb6 11. Rab1 Bxd4 12. Nxd4 Qxd4 13. Rfd1 Qf6 14. Qe3 Ne5 15. h3 b5 16. Qd4 Qg5 17. Kh2 c5 18. Qd5 Be6 19. Qd2 Qxd2 20. Rxd2 b4 21. Nd5 Bxd5 22. exd5 Rad8 23. c3 a5 24. cxb4 axb4 25. a3 bxa3 26. bxa3 Rb8 27. Rxb8 Rxb8 28. Ra2 e6 29. dxe6 fxe6 30. f4 Nd7 31. Bg4 Kf7 32. Kg3 h5 33. Bd1 c4 34. a4 d5 35. Kf3 Nc5 36. a5 Ra8 37. Ke2 Ra6 38. Ba4 Nxa4 39. Rxa4 e5 40. fxe5 Ke6 41. Kd2 Kxe5 42. Kc3 Kd6 43. Kb4 Kc6 44. Ra1 Ra7 45. a6 Kb6 46. g4 hxg4 47. hxg4 Rxa6 48. Rxa6+ Kxa6 49. Kc3 Kb5 50. Kd4 Kb4 51. Kxd5 c3 52. Ke6 c2 53. Kf6 c1=Q 54. Kxg6 Qc8 55. g5 Qg8+ 56. Kh6 Kc5 57. g6 Kd6 58. g7 Ke7 59. Kg6 Ke6 60. Kg5 Qxg7+ 61. Kf4 Qe5+ 62. Kf3 Qd4 63. Kg3 Qe4 64. Kh2 Qg4 65. Kh1 Kf5 66. Kh2 Kf4 67. Kh1 Kf3 68. Kh2 Qg2# 0-1

[Event "NAYCC U12 w"]
[Site "Toronto CAN"]
[Date "2013.08.16"]
[Round "4"]
[White "Zhou, Lily"]
[Black "Gao, Catherine"]
[Result "1-0"]
[WhiteElo "1643"]
[BlackElo "1133"]
[PlyCount "83"]
[GameId "2160767909275732"]
[EventDate "2013.08.14"]
[EventType "swiss"]
[EventRounds "9"]
[EventCountry "CAN"]
[SourceTitle "hb 2013"]

1. d4 d5 2. c4 e6 3. Nc3 Nf6 4. Nf3 Bb4 5. Bg5 h6 6. Bh4 O-O 7. e3 b6 8. cxd5 exd5 9. Bd3 Bb7 10. O-O Nbd7 11. Qc2 Re8 12. a3 Bf8 13. b4 g5 14. Bg3 Bg7 15. Nb5 Qe7 16. Bxc7 Ba6 17. Nd6 Bxd3 18. Qxd3 Rf8 19. Nf5 Qe6 20. Bd6 Rfe8 21. Be5 Rf8 22. Rac1 Rac8 23. Bd6 Rxc1 24. Rxc1 Re8 25. Be5 Rf8 26. Rc6 Qe8 27. Bd6 Kh8 28. Bxf8 Nxf8 29. Qc2 Qd7 30. Ne5 Qe8 31. Rc8 Qb5 32. Nxf7+ Kg8 33. N7xh6+ Bxh6 34. Nxh6+ Kg7 35. Nf5+ Kg8 36. Qc7 N6d7 37. Rxf8+ Kxf8 38. Qd8+ Kf7 39. Nd6+ Ke6 40. Nxb5 Kf5 41. Qxd7+ Ke4 42. Qh7# 1-0

[Event "NAYCC U12 w"]
[Site "Toronto CAN"]
[Date "2013.08.16"]
[Round "5"]
[White "Kao, Camille"]
[Black "Davis, Katherine"]
[Result "1-0"]
[WhiteElo "1747"]
[BlackElo "1841"]
[PlyCount "105"]
[GameId "2160767909275734"]
[EventDate "2013.08.14"]
[EventType "swiss"]
[EventRounds "9"]
[EventCountry "CAN"]
[SourceTitle "EXT 2022"]
[Source "ChessBase"]
[SourceDate "2021.10.06"]
[SourceVersion "1"]
[SourceVersionDate "2021.10.06"]
[SourceQuality "1"]

1. e4 c5 2. c3 Nf6 3. e5 Nd5 4. g3 e6 5. Bg2 d6 6. exd6 Bxd6 7. Nf3 Nc6 8. O-O O-O 9. d4 cxd4 10. Nxd4 Nxd4 11. Qxd4 Ne7 12. Rd1 Nf5 13. Qd3 Be7 14. Qxd8 Rxd8 15. Rxd8+ Bxd8 16. Bf4 Be7 17. Nd2 Bd6 18. Bxd6 Nxd6 19. Ne4 Nxe4 20. Bxe4 f5 21. Bg2 Kf7 22. Rd1 Ke7 23. b3 Rb8 24. f4 b6 25. Kf2 Bd7 26. Ke3 h6 27. c4 g5 28. a3 Rg8 29. Bf3 Rc8 30. Kd3 Bc6 31. Bxc6 Rxc6 32. Kc3 Rc8 33. a4 Rg8 34. h3 gxf4 35. gxf4 Rg3+ 36. Rd3 Rg1 37. Rf3 Kf6 38. Kb4 e5 39. fxe5+ Kxe5 40. a5 Ke4 41. axb6 Kxf3 42. b7 Rg8 43. c5 Ke4 44. c6 Rb8 45. Kc5 f4 46. c7 Rxb7 47. c8=Q Rb6 48. Qa8+ Ke5 49. Qxa7 Rf6 50. Qc7+ Kf5 51. Kd5 f3 52. Qg3 f2 53. Qg4# 1-0

[Event "NAYCC U12 w"]
[Site "Toronto CAN"]
[Date "2013.08.16"]
[Round "5"]
[White "Li, Catherine"]
[Black "Tam, Rachel"]
[Result "1-0"]
[WhiteElo "1143"]
[BlackElo "1005"]
[PlyCount "116"]
[GameId "2160767909275735"]
[EventDate "2013.08.14"]
[EventType "swiss"]
[EventRounds "9"]
[EventCountry "CAN"]
[SourceTitle "EXT 2022"]
[Source "ChessBase"]
[SourceDate "2021.10.06"]
[SourceVersion "1"]
[SourceVersionDate "2021.10.06"]
[SourceQuality "1"]

1. e4 e5 2. Nf3 Nc6 3. Bc4 Nf6 4. d3 d5 5. exd5 Nxd5 6. c3 Be7 7. Bb3 O-O 8. Nbd2 Bf5 9. Nf1 e4 10. dxe4 Bxe4 11. Ng3 Bxf3 12. Qxf3 Nf6 13. O-O Rb8 14. Nf5 Ne5 15. Qg3 Ng6 16. Bc2 Re8 17. Re1 Bd6 18. Rxe8+ Nxe8 19. Nxd6 Qxd6 20. Qe3 Qe6 21. Qxe6 fxe6 22. Be3 b6 23. b4 Nd6 24. Bb3 Re8 25. a4 Ne4 26. c4 Ne5 27. Rd1 Nc3 28. Rd2 Ne4 29. Rd4 Nc3 30. Kf1 Nc6 31. Rd7 Re7 32. Rxe7 Nxe7 33. c5 Kf7 34. Bd4 Ncd5 35. cxb6 Nxb6 36. a5 Nbc8 37. b5 Nd5 38. g3 g6 39. f4 Ke7 40. Ke2 Kd6 41. Kd3 c6 42. Kc4 h5 43. Bc5+ Kc7 44. Bc2 Nde7 45. bxc6 Kxc6 46. Ba4+ Kc7 47. Kd4 g5 48. fxg5 Kd8 49. Ke5 Ng6+ 50. Kxe6 h4 51. Bc2 hxg3 52. hxg3 Nge7 53. g6 Ng8 54. Kf7 Nh6+ 55. Kf8 a6 56. g7 Ng4 57. g8=Q Ne5 58. Qd5+ Nd7+ 1-0

[Event "NAYCC U12 w"]
[Site "Toronto CAN"]
[Date "2013.08.16"]
[Round "5"]
[White "Ouellet, Maili-Jade"]
[Black "Palakollu, Samritha"]
[Result "1/2-1/2"]
[WhiteElo "1669"]
[BlackElo "1761"]
[PlyCount "104"]
[GameId "2160767909275736"]
[EventDate "2013.08.14"]
[EventType "swiss"]
[EventRounds "9"]
[EventCountry "CAN"]
[SourceTitle "EXT 2022"]
[Source "ChessBase"]
[SourceDate "2021.10.06"]
[SourceVersion "1"]
[SourceVersionDate "2021.10.06"]
[SourceQuality "1"]

1. d4 Nf6 2. c4 e6 3. Nc3 Bb4 4. Qc2 O-O 5. Bg5 b6 6. e3 Bxc3+ 7. Qxc3 Bb7 8. Nf3 h6 9. Bh4 d6 10. Bd3 Nbd7 11. O-O c5 12. b4 Rc8 13. Nd2 d5 14. bxc5 bxc5 15. Rab1 Ba8 16. Bg3 Nb6 17. dxc5 Rxc5 18. Qa3 Rc8 19. c5 Nc4 20. Nxc4 dxc4 21. Bxc4 Ne4 22. Rbd1 Qg5 23. Qxa7 Nxg3 24. hxg3 Qxc5 25. Qxc5 Rxc5 26. Bb3 Rfc8 27. Rd4 Bd5 28. Bxd5 Rxd5 29. Rxd5 exd5 30. Rd1 Rc5 31. Kf1 Kf8 32. Ke2 Ke7 33. Kf3 Ke6 34. Rd2 Ra5 35. Ke2 Ra4 36. Kd3 Kd6 37. Rc2 Ra3+ 38. Kd4 f6 39. f3 g6 40. g4 h5 41. gxh5 gxh5 42. g3 Ra4+ 43. Kc3 Ra3+ 44. Kd2 d4 45. exd4 Rxf3 46. Rc3 Rf2+ 47. Ke3 Rxa2 48. Rc5 Ra3+ 49. Kf4 Rd3 50. Rxh5 Rxd4+ 51. Kf3 Rd3+ 52. Kg4 Rd4+ 1/2-1/2

[Event "NAYCC U12 w"]
[Site "Toronto CAN"]
[Date "2013.08.16"]
[Round "5"]
[White "Paraparan, Varshini"]
[Black "Dommalapati, Aasa"]
[Result "0-1"]
[WhiteElo "1506"]
[BlackElo "1590"]
[PlyCount "132"]
[GameId "2160767909275737"]
[EventDate "2013.08.14"]
[EventType "swiss"]
[EventRounds "9"]
[EventCountry "CAN"]
[SourceTitle "EXT 2022"]
[Source "ChessBase"]
[SourceDate "2021.10.06"]
[SourceVersion "1"]
[SourceVersionDate "2021.10.06"]
[SourceQuality "1"]

1. e4 e5 2. Nf3 Nc6 3. Bb5 a6 4. Ba4 Nf6 5. O-O Be7 6. Re1 b5 7. Bb3 O-O 8. c3 d5 9. exd5 Nxd5 10. Nxe5 Nxe5 11. Rxe5 c6 12. Bxd5 cxd5 13. d4 Bd6 14. Re1 Qh4 15. g3 Qh3 16. Qf3 Be6 17. Bf4 Bg4 18. Qxd5 Bxf4 19. gxf4 Rae8 20. Na3 Re6 21. Rxe6 fxe6 22. Qg2 Qh5 23. Qg3 Rf6 24. f3 Bxf3 25. Kf2 Bb7 26. h3 e5 27. Rg1 Rxf4+ 28. Ke1 Re4+ 29. Kd2 Qh6+ 30. Kd1 Re3 31. Qg5 Qxg5 32. Rxg5 exd4 33. cxd4 Rd3+ 34. Kc2 Rxd4 35. Rc5 Rd8 36. Nxb5 axb5 37. Rxb5 Bg2 38. Rb3 Rf8 39. Rg3 Rf2+ 40. Kc1 Bd5 41. a3 Rg2 42. Rd3 Be6 43. h4 Rg4 44. h5 Rh4 45. Rd6 Kf7 46. b4 Rxh5 47. a4 Rd5 48. Rb6 Rd8 49. a5 Rc8+ 50. Kb2 Ra8 51. Rc6 Rb8 52. Ka3 h5 53. a6 h4 54. a7 Ra8 55. Rc7+ Kf6 56. b5 h3 57. b6 h2 58. Rc1 Bd5 59. Kb4 h1=Q 60. Rxh1 Bxh1 61. Kc5 g5 62. Kd6 g4 63. Kc7 g3 64. b7 Bxb7 65. Kxb7 Rxa7+ 66. Kxa7 g2 0-1

[Event "NAYCC U12 w"]
[Site "Toronto CAN"]
[Date "2013.08.16"]
[Round "5"]
[White "Ravishankar, Ramitha"]
[Black "Liu, Jiaxin"]
[Result "1-0"]
[WhiteElo "1581"]
[BlackElo "1693"]
[PlyCount "150"]
[GameId "2160767909275738"]
[EventDate "2013.08.14"]
[EventType "swiss"]
[EventRounds "9"]
[EventCountry "CAN"]
[SourceTitle "EXT 2022"]
[Source "ChessBase"]
[SourceDate "2021.10.06"]
[SourceVersion "1"]
[SourceVersionDate "2021.10.06"]
[SourceQuality "1"]

1. e4 c5 2. Nc3 Nc6 3. f4 g6 4. Nf3 Bg7 5. Bc4 d6 6. d3 e6 7. O-O Nge7 8. Kh1 O-O 9. Bd2 d5 10. Bb3 b6 11. Qe1 Ba6 12. a4 Rc8 13. Rd1 dxe4 14. Qxe4 Nf5 15. Rb1 Nfd4 16. Bc4 Bxc4 17. dxc4 Nxf3 18. gxf3 Qe7 19. Rg1 Nd4 20. Ne2 Rfd8 21. Be1 f5 22. Qd3 Nc6 23. Qe3 Nd4 24. Qd3 Qb7 25. Rf1 e5 26. c3 e4 27. fxe4 fxe4 28. Qe3 Nf5 29. Qh3 Rd3 30. Bg3 Ne3 31. Rfe1 Nf5 32. Nc1 e3+ 33. Qg2 Qxg2+ 34. Kxg2 Rd2+ 35. Kf3 Rcd8 36. Re2 Rd1 37. Re1 Rxe1 38. Bxe1 Rd1 39. Ke2 Rd8 40. Nd3 Kf7 41. Rd1 Ke8 42. b4 Rc8 43. b5 Rd8 44. Nb2 Ra8 45. Rd3 Ke7 46. Nd1 Re8 47. Nxe3 Kf8 48. Kf2 Nxe3 49. Rxe3 Ra8 50. Re6 Kf7 51. Rc6 Bf6 52. Rc7+ Kg8 53. Kf3 Re8 54. Bd2 Rd8 55. Ke3 Re8+ 56. Kd3 Rd8+ 57. Kc2 Ra8 58. Rd7 h5 59. Rd6 Kg7 60. Rd7+ Kg8 61. Kd3 Kf8 62. Ke4 Kg8 63. Kd5 Rd8 64. Rxd8+ Bxd8 65. Kc6 Kf7 66. Kb7 Ke6 67. Kxa7 Kd7 68. Ka6 Kc8 69. Ka7 Bc7 70. Be3 Kd8 71. Ka6 Ke8 72. Ka7 Kd7 73. a5 bxa5 74. b6 Bd6 75. b7 a4 1-0

[Event "NAYCC U12 w"]
[Site "Toronto CAN"]
[Date "2013.08.16"]
[Round "5"]
[White "Robles Ortiz, Christina"]
[Black "Tao, Ellen"]
[Result "0-1"]
[WhiteElo "1526"]
[BlackElo "1198"]
[PlyCount "74"]
[GameId "2160767909275739"]
[EventDate "2013.08.14"]
[EventType "swiss"]
[EventRounds "9"]
[EventCountry "CAN"]
[SourceTitle "EXT 2022"]
[Source "ChessBase"]
[SourceDate "2021.10.06"]
[SourceVersion "1"]
[SourceVersionDate "2021.10.06"]
[SourceQuality "1"]

1. e4 e5 2. Nf3 Nc6 3. Bb5 a6 4. Ba4 Nf6 5. Nc3 Be7 6. a3 O-O 7. O-O d6 8. h3 Be6 9. d3 h6 10. Be3 b5 11. Bb3 Bxb3 12. cxb3 d5 13. exd5 Nxd5 14. Ne4 f5 15. Nc3 Nxc3 16. bxc3 f4 17. Bc1 Bh4 18. Qe1 Bf6 19. Qe4 Qd6 20. a4 Qd7 21. Rd1 Rad8 22. axb5 axb5 23. Ba3 Rfe8 24. Qg6 Qf7 25. Qe4 Qd5 26. Qxd5+ Rxd5 27. Nh2 Red8 28. Bb2 Rxd3 29. Rxd3 Rxd3 30. Ra8+ Kf7 31. Rc8 Bd8 32. Ng4 Ke6 33. Ra8 Rd2 34. Bc1 Rd1+ 35. Kh2 Rxc1 36. f3 Bh4 37. Ra6 Bg3# 0-1

[Event "NAYCC U12 w"]
[Site "Toronto CAN"]
[Date "2013.08.16"]
[Round "5"]
[White "Roque Sola, Andrea"]
[Black "Trakru, Priya"]
[Result "1/2-1/2"]
[WhiteElo "1560"]
[BlackElo "1911"]
[PlyCount "90"]
[GameId "2160767909275740"]
[EventDate "2013.08.14"]
[EventType "swiss"]
[EventRounds "9"]
[EventCountry "CAN"]
[SourceTitle "EXT 2022"]
[Source "ChessBase"]
[SourceDate "2021.10.06"]
[SourceVersion "1"]
[SourceVersionDate "2021.10.06"]
[SourceQuality "1"]

1. c4 Nf6 2. Nc3 g6 3. g3 Bg7 4. Bg2 d6 5. e3 O-O 6. Nge2 Nc6 7. O-O e5 8. h3 Be6 9. Nd5 Qd7 10. Kh2 Rab8 11. Qa4 Rfe8 12. Nec3 a6 13. d3 Kh8 14. a3 Ng8 15. e4 Qd8 16. f4 f5 17. exf5 Bxf5 18. Ne4 Bd7 19. Qd1 Nd4 20. fxe5 Bxe5 21. Bg5 Qc8 22. Ndf6 Nxf6 23. Nxf6 Rf8 24. Rb1 Nf5 25. Ne4 Bc6 26. Bf4 Qe8 27. Qg4 Bd7 28. Qd1 c6 29. Qd2 d5 30. Nc5 Nxg3 31. Rfe1 Ne2 32. Bxe5+ Qxe5+ 33. Kh1 Ng3+ 34. Kg1 Qd4+ 35. Qe3 Qxe3+ 36. Rxe3 Nf5 37. Nxd7 Nxe3 38. Nxb8 Rxb8 39. Re1 Nxg2 40. Kxg2 dxc4 41. dxc4 Rd8 42. b4 Rd7 43. Re3 Kg7 44. Kg3 Kf6 45. c5 g5 1/2-1/2

[Event "NAYCC U12 w"]
[Site "Toronto CAN"]
[Date "2013.08.16"]
[Round "5"]
[White "Saremi, Yekta"]
[Black "Gillan, Rahma"]
[Result "1/2-1/2"]
[WhiteElo "1415"]
[BlackElo "1150"]
[PlyCount "45"]
[GameId "2160767909275741"]
[EventDate "2013.08.14"]
[EventType "swiss"]
[EventRounds "9"]
[EventCountry "CAN"]
[SourceTitle "EXT 2022"]
[Source "ChessBase"]
[SourceDate "2021.10.06"]
[SourceVersion "1"]
[SourceVersionDate "2021.10.06"]
[SourceQuality "1"]

1. e4 e5 2. Nf3 Nc6 3. Nc3 Nf6 4. Bb5 d6 5. O-O Bd7 6. d3 Be7 7. Be3 O-O 8. Nd5 h6 9. h3 a6 10. Nxe7+ Nxe7 11. Bxd7 Qxd7 12. Bd2 Ng6 13. Re1 Rfe8 14. Nh2 d5 15. exd5 Qxd5 16. Qf3 Qxf3 17. Nxf3 e4 18. dxe4 Nxe4 19. Be3 Nf6 20. Rad1 Rad8 21. Bc1 Rxe1+ 22. Rxe1 Re8 23. Rxe8+ 1/2-1/2

[Event "NAYCC U12 w"]
[Site "Toronto CAN"]
[Date "2013.08.16"]
[Round "5"]
[White "Tan, Kylie"]
[Black "Kaneshalingam, Mathanhe"]
[Result "1/2-1/2"]
[WhiteElo "1203"]
[BlackElo "1515"]
[PlyCount "83"]
[GameId "2160767909275742"]
[EventDate "2013.08.14"]
[EventType "swiss"]
[EventRounds "9"]
[EventCountry "CAN"]
[SourceTitle "EXT 2022"]
[Source "ChessBase"]
[SourceDate "2021.10.06"]
[SourceVersion "1"]
[SourceVersionDate "2021.10.06"]
[SourceQuality "1"]

1. e4 c5 2. Ne2 Nc6 3. g3 d6 4. Bg2 Nf6 5. O-O g6 6. c3 Bg7 7. d4 cxd4 8. cxd4 Qc7 9. h3 O-O 10. Be3 e5 11. d5 Ne7 12. Nbc3 Qd7 13. Rc1 Ne8 14. Qd2 f5 15. Kh2 fxe4 16. Nxe4 Nf5 17. N2c3 Nxe3 18. Qxe3 h6 19. Rcd1 Kh7 20. Qd2 Qe7 21. Rc1 Bf5 22. Qe2 h5 23. Rcd1 Bh6 24. a3 Rc8 25. Nb5 a6 26. Nbc3 Nf6 27. Nxf6+ Qxf6 28. Be4 Bd7 29. Qxh5 Kg7 30. Qe2 Rh8 31. Bg2 Bg5 32. h4 Bxh4 33. Kg1 Bg5 34. Qf3 Qxf3 35. Bxf3 Rh7 36. Rfe1 Bh3 37. Ne4 Be7 38. Nc3 Rch8 39. Rc1 Bg5 40. Rcd1 Bf5 41. Ra1 Bd3 42. Ne4 1/2-1/2

[Event "NAYCC U12 w"]
[Site "Toronto CAN"]
[Date "2013.08.16"]
[Round "5"]
[White "Tang, Terra"]
[Black "Shen, Celina"]
[Result "0-1"]
[WhiteElo "1036"]
[BlackElo "527"]
[PlyCount "72"]
[GameId "2160767909275743"]
[EventDate "2013.08.14"]
[EventType "swiss"]
[EventRounds "9"]
[EventCountry "CAN"]
[SourceTitle "EXT 2022"]
[Source "ChessBase"]
[SourceDate "2021.10.06"]
[SourceVersion "1"]
[SourceVersionDate "2021.10.06"]
[SourceQuality "1"]

1. e4 e5 2. Nf3 Nc6 3. Bc4 Bc5 4. c3 Nf6 5. b4 Bb6 6. d4 exd4 7. cxd4 d5 8. exd5 Nxd5 9. Qe2+ Nce7 10. O-O Be6 11. Ng5 O-O 12. Qd3 Bf5 13. Qf3 Qd7 14. Nc3 Nxc3 15. Qxc3 Bxd4 16. Qg3 Bxa1 17. Be2 h6 18. Be3 Bd4 19. Rd1 hxg5 20. Qxg5 Bxe3 21. Qxe3 Qc6 22. Qxe7 Rfe8 23. Qg5 Rxe2 24. Qxf5 Qd6 25. Qb1 Qe5 26. Kf1 Qb5 27. Kg1 Rae8 28. h3 a5 29. a3 axb4 30. axb4 c5 31. Kh2 Qxb4 32. Qd3 Qf4+ 33. g3 Qxf2+ 34. Kh1 Re1+ 35. Rxe1 Rxe1+ 36. Qf1 Rxf1# 0-1